00458nam a2200169Ia 450000500170000000800410001702000060005808200140006410000220007824500140010026000360011430000130015065000110016394200060017495200930018099900150027320241016032958.0240331s9999 xx 000 0 und d a  bAMIa821  aAmirthanayagam, G 0aNew Verse aColombob North End Housec1990 a247 p ., aPoems  cL 001040708LaWERCLbWERCLcSSCd2024-03-31l0o 821 AMIp61r2024-03-31w2024-03-31yL c3336d3336